New Amsterdam - chef de service - Statistiques

Statistiques générales
  • Ce quiz a été pris 23 fois
  • Le résultat moyen est 6 sur 12
Statistiques - réponses
Poste occupé Réponse % Correct
Directeur (all seasons) Max Goodwin
100%
Cheffe de service : Urgences(All seasons) Lauren Bloom
81%
Chef de service : chirurgie(Saison 1-2-4-5) Floyd Reynolds
75%
Cheffe de service : Oncologie(Saison 1-2-3-4) Helen Sharpe
75%
Chef de service : Psychologie(All seasons) Iggy Frome
56%
Chef de service : Neurologie(Saison 1-2) Vijay Kapoor
50%
Directrice (saison 4) Veronica Fuentes
38%
Cheffe de service : Oncologie(Saison 4-5) Elizabeth Wilder
25%
Chef de service : Urgences(Saison 4) Mark Walsh
25%
Cheffe de service : Neurologie(Saison 3-4) Agnes Kao
19%
Chef de service : chirurgie(Saison 3) Claude Baptiste
6%
Cheffe de service : Oncologie(Saison 2) Valentina Castro
6%
Aucun quiz correspondant
Distribution des résultats
% des personnes avec chaque résultat
Percentile par nombre de réponses
Votre historique - résultats
Vous n’avez pas pris ce quiz